000 00498nam a2200181Ia 4500
005 20250326124522.0
008 250326s9999 xx 000 0 und d
037 _aTextbook
040 _aFMSL
_beng
_cFMSL
041 _aeng
_2eng
084 _aX:8 L0
_qFMSL
100 _aRowland V K
_9737377
245 0 _aEvaluating and improving managerial performance
_cRowland V K
260 _aNY
_bNY, McGraw-Hill
_c1970
300 _a335p
942 _cTB
_hX:8 L0
999 _c1274029
_d1274029